| 000 | 00489nam a2200169 a 4500 | ||
|---|---|---|---|
| 005 | 20240925065410.0 | ||
| 008 | 991125s1979 mx 000 0 spa u | ||
| 035 | _aUPN01000050145 | ||
| 049 | _aCG | ||
| 050 | 4 |
_aHX44 _bL4.6 |
|
| 100 | 1 |
_aLenin, Vladimir Ilich, _d1870-1924 |
|
| 245 | 1 | 1 |
_a¿Qué hacer? : _bproblemas candentes de nuestro movimiento / _cLenin. |
| 260 |
_aMoscú : _bCultura Popular : _bProgreso, _c1979. |
||
| 300 | _a237 p. | ||
| 650 | 4 |
_aSocialismo _97360 |
|
| 905 | _aLibro | ||
| 999 |
_c50145 _d50145 |
||